[Event "Top 16"]
[Site "Cannes"]
[Date "2009.03.20"]
[Round "1.1"]
[White "Sasikiran, Krishnan"]
[Black "Van Wely, Loek"]
[Result "1/2-1/2"]
[WhiteElo "2711"]
[BlackElo "2625"]
[WhiteTeam " "]"55"]
[EventDate "20.??.??"]
[WhiteTeam "Cannes"]
[BlackTeam "Montpellier"]

1. d4 d5 2. c4 c6 3. Nc3 Nf6 4. Nf3 e6 5. e3 Nbd7 6. Qc2 Bd6 7. Bd3 O-O 8. O-O
dxc4 9. Bxc4 a6 10. Rd1 b5 11. Be2 Qc7 12. e4 e5 13. g3 Re8 14. a3 Bb7 15. dxe5
Nxe5 16. Bg5 Nxf3+ 17. Bxf3 Be5 18. Bxf6 gxf6 19. Bg4 Rad8 20. Rac1 Rxd1+ 21.
Rxd1 Rd8 22. Bf5 h6 23. Kg2 Kg7 24. Qe2 Bxc3 25. Qg4+ Kf8 26. bxc3 Rxd1 27.
Qxd1 c5 28. f3 1/2-1/2

[Event "Top 16"]
[Site "Cannes"]
[Date "2009.03.20"]
[Round "1.2"]
[White "Hamdouchi, Hichem"]
[Black "Tkachiev, Vladislav"]
[Result "1-0"]
[WhiteElo "2599"]
[BlackElo "2657"]
[WhiteTeam " "]"133"]
[EventDate "20.??.??"]
[WhiteTeam "Montpellier"]
[BlackTeam "Cannes"]

1. e4 e5 2. Nf3 Nc6 3. Bb5 a6 4. Ba4 Nf6 5. O-O Be7 6. Re1 b5 7. Bb3 O-O 8. d4
d6 9. c3 Bg4 10. d5 Na5 11. Bc2 c6 12. h3 Bc8 13. dxc6 Qc7 14. Nbd2 Qxc6 15.
Nf1 Nc4 16. Ng3 Re8 17. a4 Be6 18. Ng5 Bd7 19. b3 Na5 20. Bd2 Qb7 21. axb5 axb5
22. Qe2 Rec8 23. Ra2 Nc6 24. Rxa8 Rxa8 25. b4 Nd8 26. Bb3 h6 27. Nf3 Ra3 28.
Qd1 Bc6 29. Bc2 Ne6 30. Qc1 Qa8 31. Nh4 Bf8 32. Nhf5 Kh7 33. Ne3 g6 34. Ng4 Ng8
35. h4 h5 36. Nh2 Nf6 37. Qd1 Be7 38. Nf3 Kg7 39. Ng5 Nxg5 40. hxg5 Nh7 41. Qc1
Ra7 42. Bd3 Qd8 43. c4 bxc4 44. Qxc4 Bd7 45. f4 Rc7 46. Qd5 exf4 47. Bxf4 Nxg5
48. e5 Bc6 49. exd6 Bxd5 50. dxc7 Qa8 51. Rxe7 Ne6 52. Be5+ Kh6 53. Rxf7 h4 54.
Ne4 h3 55. Nf6 Qa7+ 56. Kh2 Qa2 57. Ng4+ Kg5 58. Rf2 Qa8 59. gxh3 Bb7 60. Rf6
Qa2+ 61. Nf2 Qd5 62. h4+ Kxh4 63. Bg3+ Kg5 64. Be4 Qd7 65. Rxg6+ Kh5 66. Rxe6
Qxe6 67. Bxb7 1-0

[Event "Top 16"]
[Site "Cannes"]
[Date "2009.03.20"]
[Round "1.3"]
[White "Kazhgaleyev, Murtas"]
[Black "Stellwagen, Daniel"]
[Result "1-0"]
[WhiteElo "2630"]
[BlackElo "2612"]
[WhiteTeam " "]"123"]
[EventDate "20.??.??"]
[WhiteTeam "Cannes"]
[BlackTeam "Montpellier"]

1. d4 d5 2. c4 c6 3. Nf3 Nf6 4. e3 Bg4 5. h3 Bxf3 6. Qxf3 e6 7. Nc3 Nbd7 8. Bd2
Bd6 9. O-O-O O-O 10. Kb1 dxc4 11. Bxc4 c5 12. Bb3 Qe7 13. Qxb7 a5 14. Na4 Rfb8
15. Qf3 cxd4 16. exd4 Bb4 17. Bf4 Bd6 18. Be3 Qe8 19. Qc6 Bf8 20. Rc1 Rb4 21.
Rhe1 Qb8 22. Bf4 Qa7 23. Bd2 Rb7 24. Be3 Qb8 25. Re2 Nb6 26. Nxb6 Rxb6 27. Qc7
Qxc7 28. Rxc7 a4 29. Bd1 Nd5 30. Rc4 a3 31. Bb3 g6 32. Rec2 Rbb8 33. Bd2 axb2
34. Rxb2 Ra3 35. Rbc2 h5 36. g3 Kg7 37. Bc3 h4 38. g4 g5 39. Bd2 Kg6 40. Rc6
Ra7 41. Rc8 Raa8 42. Rxb8 Rxb8 43. Rc6 Bb4 44. Bc1 Nc3+ 45. Kc2 Ne2 46. Be3 Ng1
47. d5 Nxh3 48. dxe6 fxe6 49. Bxe6 Nf4 50. Bd5+ Kg7 51. Rc7+ Kg6 52. Rc6+ Kg7
53. Bd4+ Kf8 54. Bc4 Ke7 55. Be5 Kd7 56. Rc7+ Kd8 57. Rh7 Rb6 58. a4 Ng6 59.
Bd4 Rd6 60. Be3 Nf4 61. Bb3 Bd2 62. Bc5 1-0

[Event "Top 16"]
[Site "Cannes"]
[Date "2009.03.20"]
[Round "1.4"]
[White "Kosten, Anthony C"]
[Black "Fontaine, Robert"]
[Result "1/2-1/2"]
[WhiteElo "2514"]
[BlackElo "2546"]
[WhiteTeam " "]"113"]
[EventDate "20.??.??"]
[WhiteTeam "Montpellier"]
[BlackTeam "Cannes"]

1. c4 Nf6 2. Nc3 d5 3. cxd5 Nxd5 4. g3 g6 5. Bg2 Nb6 6. d3 Bg7 7. Be3 Nc6 8.
Nf3 e5 9. Bc5 a5 10. Rc1 Nd7 11. Ba3 Bf8 12. Bxf8 Kxf8 13. d4 Kg7 14. O-O Nxd4
15. Nxd4 exd4 16. Qxd4+ Nf6 17. Qf4 c6 18. e4 Qe7 19. e5 Nd7 20. Rfe1 Nc5 21.
Qe3 Rd8 22. Red1 Be6 23. f4 a4 24. Bf3 h5 25. Ne2 Rxd1+ 26. Rxd1 Ra5 27. Nd4
Kh7 28. Qc3 Ra8 29. Qa3 Re8 30. Rc1 Nd7 31. Qxa4 Bh3 32. Qb3 Nf8 33. a3 Rd8 34.
Qc3 Bg4 35. Bxg4 hxg4 36. Nc2 Ne6 37. Ne3 Nd4 38. Kf2 Nb5 39. Qe1 Kg7 40. Rd1
Rh8 41. Kg2 c5 42. Qe2 Nd4 43. Qxg4 Qc7 44. h4 Qc6+ 45. Kf2 Re8 46. Rd2 Qe4 47.
Qd1 Re6 48. Nc2 Rb6 49. Nxd4 cxd4 50. Qf3 Qb1 51. Qd3 Qh1 52. Qxd4 Qh2+ 53. Kf1
Qh1+ 54. Qg1 Qf3+ 55. Qf2 Qh1+ 56. Qg1 Qf3+ 57. Qf2 1/2-1/2

[Event "Top 16"]
[Site "Cannes"]
[Date "2009.03.20"]
[Round "1.5"]
[White "Palac, Mladen"]
[Black "Prie, Eric"]
[Result "1/2-1/2"]
[WhiteElo "2553"]
[BlackElo "2489"]
[WhiteTeam " "]"84"]
[EventDate "20.??.??"]
[WhiteTeam "Cannes"]
[BlackTeam "Montpellier"]

1. e4 d5 2. exd5 Qxd5 3. Nf3 Bg4 4. Be2 Nc6 5. O-O O-O-O 6. h3 Bh5 7. d3 e6 8.
Be3 Nf6 9. Nbd2 Rg8 10. d4 g5 11. g4 Bg6 12. c4 Qd7 13. Bxg5 Be7 14. Be3 h5 15.
Ne5 Nxe5 16. dxe5 Nh7 17. Qb3 Ng5 18. Kg2 Qc6+ 19. f3 Nxh3 20. Kxh3 hxg4+ 21.
Kh2 Rg7 22. Rg1 Rh8+ 23. Kg3 gxf3 24. Bxf3 Bd3+ 25. Kf4 Rh4+ 26. Rg4 Rhxg4+ 27.
Bxg4 Bg5+ 28. Kg3 Bf5 29. Rg1 Bxe3 30. Qxe3 Rxg4+ 31. Kf2 Rxg1 32. Kxg1 b6 33.
b3 a5 34. a3 Kb7 35. b4 axb4 36. axb4 Qa4 37. Qc3 Qc2 38. Qxc2 Bxc2 39. Kf2 Kc8
40. Ke3 Kd7 41. Kd4 Ke7 42. c5 bxc5+ 1/2-1/2

[Event "Top 16"]
[Site "Cannes"]
[Date "2009.03.20"]
[Round "1.6"]
[White "Libiszewski, Fabien"]
[Black "Govciyan, Pavel"]
[Result "1/2-1/2"]
[WhiteElo "2481"]
[BlackElo "2411"]
[WhiteTeam " "]"100"]
[EventDate "20.??.??"]
[WhiteTeam "Montpellier"]
[BlackTeam "Cannes"]

1. e4 e5 2. Nf3 Nc6 3. Bb5 a6 4. Ba4 d6 5. O-O Bd7 6. c3 g6 7. d4 Bg7 8. Re1 b5
9. Bc2 exd4 10. cxd4 Bg4 11. Be3 Nge7 12. Nc3 O-O 13. Qd2 Bxf3 14. gxf3 Qd7 15.
Ne2 f5 16. Bb3+ Kh8 17. Nf4 fxe4 18. Be6 Qe8 19. fxe4 Rxf4 20. Bxf4 Nxd4 21.
Bg4 g5 22. Be3 c5 23. e5 Bxe5 24. Bxd4 cxd4 25. Rac1 Qg6 26. Rc7 Nd5 27. Rc6
Nf6 28. Bf3 Rf8 29. Rxa6 g4 30. Bg2 Qh5 31. Kf1 Qxh2 32. Ra8 Rxa8 33. Bxa8 g3
34. Bg2 gxf2 35. Qxf2 Kg7 36. Rc1 Ng4 37. Rc7+ Kh6 38. Qf8+ Kg5 39. Qg8+ Kf4
40. Rf7+ Bf6 41. Qa8 Qg3 42. Qe4+ Kg5 43. Qd5+ Kh6 44. Rxf6+ Nxf6 45. Qxd4 Ng4
46. Bc6 b4 47. a4 bxa3 48. bxa3 Qh3+ 49. Kg1 Qg3+ 50. Kf1 Qh3+ 1/2-1/2

[Event "Top 16"]
[Site "Cannes"]
[Date "2009.03.20"]
[Round "1.7"]
[White "Leconte, Maria"]
[Black "Flear, Glenn C"]
[Result "1/2-1/2"]
[WhiteElo "2334"]
[BlackElo "2478"]
[WhiteTeam " "]"75"]
[EventDate "20.??.??"]
[WhiteTeam "Cannes"]
[BlackTeam "Montpellier"]

1. e4 e5 2. Nf3 Nc6 3. Nc3 Nf6 4. Bb5 Bd6 5. d3 h6 6. Ne2 a6 7. Ba4 b5 8. Bb3
Bb7 9. Ng3 Ne7 10. Nh4 c5 11. Nh5 Nxh5 12. Qxh5 Rf8 13. f4 Qc7 14. fxe5 Bxe5
15. Nf3 Bf6 16. c4 bxc4 17. Bxc4 d5 18. exd5 O-O-O 19. Qg4+ Qd7 20. Qxd7+ Rxd7
21. Be3 Nxd5 22. Bxc5 Re8+ 23. Kf2 Bxb2 24. Rab1 Bf6 25. Rhc1 Nc3 26. Rb3 Re2+
27. Kf1 Nxa2 28. Rcb1 Rc2 29. Rxb7 Rxb7 30. Bxa6 Rc1+ 31. Rxc1 Nxc1 32. d4 Kc7
33. Bxb7 Kxb7 34. Ne5 Nb3 35. Bf8 Nxd4 36. Nxf7 Ne6 37. Bd6 Kc6 38. Be5 1/2-1/2

[Event "Top 16"]
[Site "Cannes"]
[Date "2009.03.20"]
[Round "1.8"]
[White "Benmesbah, Natacha"]
[Black "Levacic, Damir"]
[Result "1-0"]
[WhiteElo "2138"]
[BlackElo "2284"]
[WhiteTeam " "]"55"]
[EventDate "20.??.??"]
[WhiteTeam "Montpellier"]
[BlackTeam "Cannes"]

1. e4 d6 2. d4 g6 3. Nc3 Bg7 4. Be3 Nf6 5. h3 c6 6. f4 d5 7. e5 Ne4 8. Nxe4
dxe4 9. Bc4 b5 10. Bb3 a5 11. a4 e6 12. Ne2 bxa4 13. Bxa4 Ba6 14. O-O Qb6 15.
Qd2 Qb4 16. Rfe1 f5 17. exf6 Qxd2 18. Bxd2 Bxf6 19. Bc3 Kf7 20. Ng3 Rd8 21.
Nxe4 Bxd4+ 22. Bxd4 Rxd4 23. c3 Rd8 24. Ng5+ Kf6 25. Rxe6+ Kf5 26. Bc2+ Kxf4
27. Nf7 Rd2 28. Ra4+ 1-0

[Event "Top 16"]
[Site "Cannes"]
[Date "2009.03.20"]
[Round "1.1"]
[White "Khenkin, Igor"]
[Black "Dobrev, Nanko"]
[Result "1-0"]
[WhiteElo "2644"]
[BlackElo "2409"]
[WhiteTeam " "]"129"]
[EventDate "20.??.??"]
[WhiteTeam "Antibes"]
[BlackTeam "Grasse"]

1. d4 d5 2. c4 e6 3. Nc3 Nf6 4. Nf3 Be7 5. Bf4 O-O 6. e3 a6 7. Qc2 dxc4 8. Bxc4
c5 9. dxc5 Bxc5 10. Rd1 Nbd7 11. O-O b5 12. Bd3 Qb6 13. Ne5 Ra7 14. Nxd7 Rxd7
15. Ne4 Nxe4 16. Bxe4 f5 17. Bf3 Be7 18. Be5 Qc5 19. Qxc5 Bxc5 20. Rxd7 Bxd7
21. Rd1 Rf7 22. Rc1 Bb6 23. Bc7 Bxc7 24. Rxc7 a5 25. h4 Kf8 26. Ra7 a4 27. Ra6
Ke7 28. Be2 Kd8 29. f4 Re7 30. Kf2 e5 31. a3 exf4 32. exf4 b4 33. Bf3 bxa3 34.
bxa3 Kc7 35. Ra7+ Kd6 36. Ra6+ Kc5 37. Ra7 Kd6 38. Ra5 Re8 39. Rd5+ Ke6 40.
Re5+ Kd6 41. Rd5+ Ke6 42. Rd3 Rc8 43. g4 Rc2+ 44. Kg3 Ke7 45. g5 Rb2 46. Bd5
Bb5 47. Re3+ Kd6 48. Bg8 Bc6 49. Bxh7 Be4 50. h5 Rg2+ 51. Kh3 Rg1 52. Bg6 Kd5
53. Kh2 Rh1+ 54. Kg3 Kd4 55. Re2 Ra1 56. Kf2 Rxa3 57. Rd2+ Kc4 58. Rd1 Rf3+ 59.
Ke2 Rxf4 60. Rd7 Rh4 61. h6 a3 62. Rxg7 Rh2+ 63. Ke3 Kb3 64. Ra7 Rh3+ 65. Kf4
1-0

[Event "Top 16"]
[Site "Cannes"]
[Date "2009.03.20"]
[Round "1.2"]
[White "Eliet, Nicolas"]
[Black "Damljanovic, Branko"]
[Result "0-1"]
[WhiteElo "2429"]
[BlackElo "2587"]
[WhiteTeam " "]"96"]
[EventDate "20.??.??"]
[WhiteTeam "Grasse"]
[BlackTeam "Antibes"]

1. c4 e5 2. g3 Nc6 3. Bg2 Bc5 4. Nc3 a6 5. e3 Nge7 6. Nge2 Ba7 7. a3 O-O 8. b4
d6 9. Bb2 Rb8 10. d3 Be6 11. Nd5 Qd7 12. O-O Ng6 13. Qd2 Nd8 14. e4 b5 15. cxb5
axb5 16. d4 Bxd5 17. exd5 f5 18. dxe5 dxe5 19. Kh1 Nf7 20. Rac1 Nd6 21. f4 e4
22. Nd4 Bxd4 23. Qxd4 Nc4 24. Ba1 Rf7 25. a4 Nb6 26. axb5 Qxd5 27. Rfd1 Qxb5
28. Bf1 Qa4 29. Qc3 Qe8 30. b5 Rd8 31. Qb3 Rxd1 32. Rxd1 Nf8 33. Be2 Qe6 34.
Qc3 Nd5 35. Qd4 Nb6 36. Qc3 Nd5 37. Qd4 Rd7 38. Qe5 Qxe5 39. Bxe5 g6 40. Bf1
Ne3 41. Re1 Nxf1 42. Rxf1 Ne6 43. Rc1 Kf7 44. Kg1 Ke7 45. Rc6 Rd1+ 46. Kf2 Kd7
47. Rc4 Rd5 48. Rb4 Nc5 0-1

[Event "Top 16"]
[Site "Cannes"]
[Date "2009.03.20"]
[Round "1.3"]
[White "Parligras, Mircea"]
[Black "Di Paolo, Raffaele"]
[Result "1-0"]
[WhiteElo "2605"]
[BlackElo "2336"]
[WhiteTeam " "]"79"]
[EventDate "20.??.??"]
[WhiteTeam "Antibes"]
[BlackTeam "Grasse"]

1. e4 e6 2. d4 d5 3. Nd2 Be7 4. Ngf3 Nf6 5. e5 Nfd7 6. Bd3 c5 7. c3 Nc6 8. O-O
g5 9. dxc5 Nxc5 10. Bb5 Bd7 11. Qe2 a6 12. Bxc6 Bxc6 13. Nd4 Qd7 14. N2b3 Bb5
15. Nxb5 Qxb5 16. Qxb5+ axb5 17. Nxc5 Bxc5 18. Bxg5 Rg8 19. h4 Ra4 20. b3 Rg4
21. Kh2 Re4 22. a4 bxa4 23. Rxa4 Rxa4 24. bxa4 Kd7 25. Be3 Rc8 26. Kg3 Bxe3 27.
fxe3 Ke8 28. Rc1 Rc4 29. a5 Re4 30. Kf3 Kd7 31. Rb1 Kc7 32. g4 Rxe5 33. Rb4 f6
34. Rf4 h5 35. Rxf6 hxg4+ 36. Kxg4 Rxe3 37. Rf3 Re1 38. h5 Rh1 39. Rh3 Rg1+ 40.
Kf4 1-0

[Event "Top 16"]
[Site "Cannes"]
[Date "2009.03.20"]
[Round "1.4"]
[White "Andonov, Bogomil"]
[Black "Miralles, Gilles"]
[Result "1/2-1/2"]
[WhiteElo "2316"]
[BlackElo "2477"]
[WhiteTeam " "]"63"]
[EventDate "20.??.??"]
[WhiteTeam "Grasse"]
[BlackTeam "Antibes"]

1. Nf3 d5 2. c4 e6 3. d4 c5 4. cxd5 exd5 5. g3 Nc6 6. Bg2 Nf6 7. O-O Be7 8.
dxc5 Bxc5 9. a3 O-O 10. b4 Be7 11. Nc3 Be6 12. Bb2 Rc8 13. Rc1 Qd7 14. e3 Rfd8
15. Re1 h6 16. Ne2 Bg4 17. Qb3 Ne4 18. Ned4 Bf6 19. Nxc6 Rxc6 20. Bxf6 Rxf6 21.
Ne5 Qf5 22. Nxg4 Qxg4 23. f3 Rxf3 24. Bxf3 Qxf3 25. Rf1 Qe2 26. Rc2 Nd2 27. Rb1
Re8 28. Rcb2 d4 29. exd4 Nxb3 30. Rxe2 Rxe2 31. Rxb3 Rd2 32. Rc3 1/2-1/2

[Event "Top 16"]
[Site "Cannes"]
[Date "2009.03.20"]
[Round "1.5"]
[White "Bijaoui, Manuel"]
[Black "Karim, Ismael"]
[Result "1-0"]
[WhiteElo "2404"]
[BlackElo "2407"]
[WhiteTeam " "]"115"]
[EventDate "20.??.??"]
[WhiteTeam "Antibes"]
[BlackTeam "Grasse"]

1. e4 e5 2. Nf3 d6 3. d4 exd4 4. Nxd4 Nf6 5. Nc3 Be7 6. Be2 O-O 7. O-O Re8 8.
f4 Bf8 9. Bf3 c5 10. Nde2 Nc6 11. b3 Bd7 12. a4 a6 13. Bb2 Rb8 14. Qd3 Nb4 15.
Qd2 Bc6 16. Ng3 d5 17. e5 Ne4 18. Bxe4 dxe4 19. Qe2 c4 20. bxc4 e3 21. Rad1 Qc8
22. Bc1 b5 23. axb5 axb5 24. Nxb5 Bxb5 25. cxb5 Qxc2 26. Bxe3 Qxe2 27. Nxe2 f6
28. b6 fxe5 29. fxe5 Nc6 30. Nc3 Nxe5 31. Nd5 Nc4 32. Bf2 Re6 33. Rfe1 Rxe1+
34. Rxe1 Kf7 35. Rc1 Nd6 36. Rc7+ Ke6 37. Nf4+ Ke5 38. Nd3+ Kd5 39. Nb4+ Ke4
40. Na6 Ra8 41. Ra7 Rc8 42. Nc5+ Kd5 43. b7 Nxb7 44. Rxb7 Bxc5 45. Bxc5 Kxc5
46. Rxg7 Rh8 47. Rd7 Kc6 48. Rd3 Kc7 49. Kf2 Rd8 50. Re3 Kd7 51. Kf3 Re8 52.
Rxe8 Kxe8 53. Kf4 Kf7 54. Kg5 Kg7 55. h4 Kf7 56. Kh6 Kg8 57. g4 Kh8 58. g5 1-0

[Event "Top 16"]
[Site "Cannes"]
[Date "2009.03.20"]
[Round "1.6"]
[White "Shoker, Samy"]
[Black "Acher, Mathieu"]
[Result "1-0"]
[WhiteElo "2399"]
[BlackElo "2381"]
[WhiteTeam " "]"71"]
[EventDate "20.??.??"]
[WhiteTeam "Grasse"]
[BlackTeam "Antibes"]

1. g3 d5 2. Bg2 g6 3. Nf3 Bg7 4. O-O Nf6 5. d3 O-O 6. Nc3 Nc6 7. Rb1 a6 8. b4
d4 9. Na4 Nd5 10. Bd2 e5 11. Qc1 Qd6 12. a3 b6 13. Re1 Bd7 14. c4 dxc3 15. Nxc3
Nxc3 16. Bxc3 Rac8 17. Qb2 Nd4 18. Nd2 Bg4 19. e3 Ne2+ 20. Rxe2 Bxe2 21. Ne4
Qxd3 22. Re1 Bg4 23. Bxe5 f6 24. Nxf6+ Bxf6 25. Bxf6 Qf5 26. Qa2+ Rf7 27. Ba1
Kf8 28. Bd5 Bf3 29. Be6 Qh5 30. Bxc8 Be4 31. Qe2 Rf5 32. Qf1 Rf7 33. Bh3 Rd7
34. Bd4 c5 35. bxc5 bxc5 36. Bxc5+ 1-0

[Event "Top 16"]
[Site "Cannes"]
[Date "2009.03.20"]
[Round "1.7"]
[White "Perez, Flavio"]
[Black "Forestier, Flavien"]
[Result "1-0"]
[WhiteElo "2276"]
[BlackElo "2165"]
[WhiteTeam " "]"81"]
[EventDate "20.??.??"]
[WhiteTeam "Antibes"]
[BlackTeam "Grasse"]

1. e4 e6 2. d3 d5 3. Nd2 Nf6 4. Ngf3 Nc6 5. g3 dxe4 6. dxe4 e5 7. c3 a5 8. Bg2
Bc5 9. O-O O-O 10. Qe2 b6 11. Nc4 Ba6 12. Bg5 Qe7 13. Bh3 h6 14. Bxf6 Qxf6 15.
Kg2 Qe7 16. b3 Rfd8 17. Rfd1 Rxd1 18. Rxd1 Rd8 19. Rd5 f6 20. Qd3 Bd6 21. Nh4
Qf7 22. Nf5 Ne7 23. Nfxd6 Nxd5 24. Nxf7 Nf4+ 25. gxf4 Rxd3 26. Be6 Kf8 27. Nh8
Bb7 28. Ng6+ Ke8 29. Bf5 exf4 30. Nxf4 Rxc3 31. Ne6 Rc2 32. Nxc7+ Kf7 33. Be6+
Kg6 34. Bd5 Bc8 35. e5 Bf5 36. e6 Rc3 37. f3 Rc2+ 38. Kg3 Re2 39. Nd6 Bd3 40.
Be4+ Bxe4 41. fxe4 1-0

[Event "Top 16"]
[Site "Cannes"]
[Date "2009.03.20"]
[Round "1.8"]
[White "Forestier, Carole"]
[Black "Albaladejo, Sylviane"]
[Result "1-0"]
[WhiteElo "2096"]
[BlackElo "1210"]
[WhiteTeam " "]"65"]
[EventDate "20.??.??"]
[WhiteTeam "Grasse"]
[BlackTeam "Antibes"]

1. d4 c6 2. Nf3 d6 3. c4 e6 4. Nc3 Be7 5. e4 Nf6 6. Be2 O-O 7. O-O Nfd7 8. Bf4
Nf6 9. h3 Nbd7 10. Bd3 Nh5 11. Bh2 b6 12. e5 d5 13. g4 f6 14. gxh5 f5 15. cxd5
c5 16. dxe6 Nb8 17. d5 Bxe6 18. dxe6 Nc6 19. Qe2 a6 20. Rad1 Qc8 21. Nd5 Qxe6
22. Bc4 Kh8 23. Nf6 Qc8 24. Nd7 b5 25. Be6 Qe8 26. Nxf8 Qxf8 27. Qc2 g6 28. Bd5
Rc8 29. e6 Nb4 30. Qc3+ Qg7 31. Be5 Rg8 32. h6 Bf6 33. Bxf6 1-0

[Event "TOP 16"]
[Site "Metz"]
[Date "2009.03.20"]
[Round "1.1"]
[White "Nyback, Tomi"]
[Black "Svetushkin, Dimitry"]
[Result "1-0"]
[WhiteElo "2644"]
[BlackElo "2593"]
[WhiteTeam " "]"126"]
[BlackTeam " "]
[Source "ChessBase"]
[SourceDate "1998.11.10"]

1. d4 d5 2. c4 c6 3. Nc3 Nf6 4. Nf3 dxc4 5. a4 Bf5 6. e3 e6 7. Bxc4 Bb4 8. O-O
O-O 9. Qe2 Bg4 10. h3 Bh5 11. Rd1 Nbd7 12. e4 h6 13. e5 Nd5 14. Nxd5 cxd5 15.
Bd3 Qe7 16. g4 Bg6 17. Nh2 Rac8 18. Bxg6 fxg6 19. f4 Rc4 20. Nf3 Rfc8 21. Qd3
Qf7 22. Rf1 Rc2 23. Rb1 Nf8 24. Be3 Qc7 25. Rfc1 Qc4 26. Qxc4 R8xc4 27. Kf1 a6
28. Rd1 Nd7 29. b3 R4c3 30. Ne1 Ra2 31. Rd2 Ra3 32. Rdb2 Rxe3 33. Nc2 Bc3 34.
Nxe3 Bxb2 35. Rxb2 Ra1+ 36. Ke2 Nb8 37. Kd3 Nc6 38. f5 gxf5 39. gxf5 exf5 40.
Rf2 g6 41. Nxd5 Rd1+ 42. Kc3 Kf7 43. Rf4 Rc1+ 44. Kd3 b5 45. axb5 axb5 46. Kd2
Rh1 47. h4 Rh2+ 48. Kc3 Rh3+ 49. Kb2 Rd3 50. Kc2 Rxd4 51. Rxd4 Nxd4+ 52. Kc3
Ne6 53. Kb4 g5 54. hxg5 hxg5 55. Kxb5 g4 56. Nc3 Nf4 57. Kc6 g3 58. Kd7 g2 59.
Ne2 Nxe2 60. e6+ Kf6 61. e7 g1=Q 62. e8=Q Qd4+ 63. Kc8 Qc5+ 1-0

[Event "TOP16"]
[Site "Metz"]
[Date "1610.03.20"]
[Round "1.2"]
[White "Postny, Evgeny"]
[Black "Apicella, Manuel"]
[Result "1-0"]
[WhiteElo "2652"]
[BlackElo "2517"]
[WhiteTeam " "]"185"]
[BlackTeam " "]
[Source "ChessBase"]
[SourceDate "1998.11.10"]

1. d4 Nf6 2. c4 g6 3. Nc3 Bg7 4. e4 d6 5. Nf3 O-O 6. Be2 e5 7. O-O Nbd7 8. Re1
Re8 9. Bf1 exd4 10. Nxd4 c6 11. Nb3 a5 12. Rb1 a4 13. Nd4 a3 14. b4 Ng4 15.
Qxg4 Bxd4 16. Qg3 Nf6 17. Bg5 Qb6 18. Be3 Bxe3 19. Qxe3 Qxe3 20. Rxe3 Be6 21.
Rd1 Ng4 22. Ree1 Ne5 23. Rxd6 Bxc4 24. Bxc4 Nxc4 25. Rd7 Rad8 26. Red1 Rxd7 27.
Rxd7 Kf8 28. Kf1 Re7 29. Rd8+ Kg7 30. Ke2 f5 31. f3 fxe4 32. Nxe4 Nb6 33. Kd2
Nd5 34. b5 Nf4 35. bxc6 bxc6 36. g3 Nd5 37. Ra8 Rb7 38. Rxa3 Rb2+ 39. Kd3 Rxa2
40. Rxa2 Nb4+ 41. Kc4 Nxa2 42. Kc5 h6 43. Kxc6 Nb4+ 44. Kc5 Nc2 45. Kd5 Ne1 46.
Nd2 Kf6 47. Ke4 h5 48. Nc4 Nc2 49. Ne3 Na3 50. Nd5+ Ke6 51. Nc3 Kf6 52. Kf4 g5+
53. Ke4 Nc4 54. Kd4 Na5 55. Kd5 Nb3 56. Ne4+ Kf5 57. Nd6+ Kf6 58. Nc4 Kf5 59.
Nd6+ Kf6 60. Ke4 Ke6 61. Nc4 Nc5+ 62. Ke3 Nd7 63. f4 gxf4+ 64. gxf4 Nf6 65. Kf3
Ng4 66. h3 Nf6 67. Ne3 Ne8 68. Nf1 Kf6 69. Ng3 Kg6 70. Ne4 Ng7 71. Nd6 Kf6 72.
Ke4 Ne6 73. Nc4 Nc5+ 74. Ke3 Ne6 75. Nd6 Nc7 76. Ke4 Ne6 77. Nb7 Nc7 78. Nc5
Nb5 79. Ke3 Nc7 80. Ne4+ Kg6 81. Ng3 Ne8 82. Kf3 Nd6 83. h4 Nb7 84. f5+ Kh6 85.
Ke4 Nc5+ 86. Kd4 Nb3+ 87. Kd5 Nc1 88. Ke6 Nd3 89. Ne2 Nc5+ 90. Ke7 Nd3 91. f6
Ne5 92. Nf4 Nc6+ 93. Ke8 1-0

[Event "TOP 16"]
[Site "Metz"]
[Date "1620.03.20"]
[Round "1.3"]
[White "Krasenkow, Michal"]
[Black "Riazantsev, Alexander"]
[Result "1/2-1/2"]
[WhiteElo "2620"]
[BlackElo "2634"]
[WhiteTeam " "]"64"]
[BlackTeam " "]
[Source "ChessBase"]
[SourceDate "2000.11.22"]

1. d4 e6 2. c4 Nf6 3. Nf3 d5 4. Nc3 Be7 5. Bf4 O-O 6. e3 Nbd7 7. c5 Nh5 8. Bd3
Nxf4 9. exf4 b6 10. b4 a5 11. a3 c6 12. O-O Qc7 13. g3 Ba6 14. Re1 Bf6 15. Ne5
Bxe5 16. fxe5 Bxd3 17. Qxd3 Ra7 18. Reb1 b5 19. a4 axb4 20. Rxb4 f6 21. exf6
Nxf6 22. Qe2 Re8 23. Re1 bxa4 24. Rxa4 Rxa4 25. Nxa4 Qa5 26. Nb6 e5 27. dxe5
Qxc5 28. Qb2 Ne4 29. Rc1 Qa5 30. Ra1 Qc5 31. Rc1 Qa5 32. Ra1 Qc5 1/2-1/2

[Event "TOP 16"]
[Site "Metz"]
[Date "1620.03.20"]
[Round "1.4"]
[White "Koch, Jean-René"]
[Black "Sebag, Marie"]
[Result "1-0"]
[WhiteElo "2453"]
[BlackElo "2529"]
[WhiteTeam " "]"129"]
[BlackTeam " "]
[Source "ChessBase"]
[SourceDate "2000.11.22"]

1. c4 c6 2. e4 d5 3. cxd5 cxd5 4. exd5 Nf6 5. Nc3 Nxd5 6. Nf3 Nxc3 7. bxc3 g6
8. d4 Bg7 9. Bd3 O-O 10. O-O Nc6 11. Re1 Bg4 12. Be4 e6 13. h3 Bxf3 14. Qxf3
Rc8 15. a4 Re8 16. Ba3 Qd7 17. Reb1 b6 18. Bd3 Red8 19. Ba6 Rc7 20. Rd1 Nb8 21.
Bb5 Qc8 22. Rac1 Rd5 23. Qg3 Nc6 24. Bd6 Rd7 25. Bf4 h6 26. h4 h5 27. Bg5 Rc7
28. Bf4 Rcd7 29. Re1 Re7 30. Bg5 Re8 31. Qf3 a6 32. Bxc6 Qxc6 33. c4 Rd6 34.
Qxc6 Rxc6 35. d5 Rd6 36. Bf4 Rd7 37. Rb1 Rc8 38. dxe6 fxe6 39. Rxe6 Rxc4 40.
Bg3 Rxa4 41. Rbxb6 Rd1+ 42. Kh2 Raa1 43. Be5 Bxe5+ 44. Rxe5 Rd4 45. Rxg6+ Kf7
46. Rgg5 Rxh4+ 47. Kg3 Rah1 48. Ref5+ Ke7 49. Ra5 Rc4 50. Rxh5 Rxh5 51. Rxh5
Ra4 52. f4 Ra2 53. Kf3 Ra3+ 54. Kg4 Kf6 55. Rh6+ Kg7 56. Rb6 a5 57. Ra6 Kf7 58.
Kh5 Ra1 59. g4 a4 60. Kg5 a3 61. f5 a2 62. Ra7+ Ke8 63. f6 Kd8 64. f7 Rf1 65.
Kg6 1-0

[Event "TOP 16"]
[Site "Metz"]
[Date "2009.03.20"]
[Round "1.5"]
[White "Cornette, Mathieu"]
[Black "Pucher, Olivier"]
[Result "1-0"]
[WhiteElo "2526"]
[BlackElo "2338"]
[WhiteTeam " "]"67"]
[BlackTeam " "]
[Source "ChessBase"]
[SourceDate "2000.11.22"]

1. e4 c6 2. d4 d5 3. e5 Bf5 4. Nf3 e6 5. a3 Nd7 6. Be2 h6 7. O-O Ne7 8. Nbd2
Nc8 9. b3 Ncb6 10. c4 c5 11. b4 cxd4 12. Nxd4 Bh7 13. c5 Nc8 14. Bb2 Be7 15. c6
bxc6 16. Nxc6 Qb6 17. Rc1 O-O 18. Bd4 Qb7 19. Na5 Qb8 20. Ba6 Ncb6 21. Bb7 Nxe5
22. Bxa8 Nxa8 23. f4 Nd3 24. Rc3 Bf6 25. Bxf6 Qb6+ 26. Kh1 gxf6 27. Qf3 Qd4 28.
Rc6 Nb6 29. Rc7 Be4 30. Nc6 Qb2 31. Ne7+ Kg7 32. Nxe4 dxe4 33. Qg3+ Kh7 34. Ng6
1-0

[Event "TOP 16"]
[Site "Metz"]
[Date "1620.03.20"]
[Round "1.6"]
[White "Neiman, Emmanuel"]
[Black "Cossin, Sebastien"]
[Result "0-1"]
[WhiteElo "2358"]
[BlackElo "2471"]
[WhiteTeam " "]"66"]
[BlackTeam " "]
[Source "ChessBase"]
[SourceDate "2000.11.22"]

1. d4 Nf6 2. c4 g6 3. Nc3 Bg7 4. Nf3 d6 5. Bg5 h6 6. Bh4 g5 7. Bg3 Nh5 8. e3 e6
9. Be2 Nc6 10. a3 Qe7 11. Qc2 Nxg3 12. hxg3 g4 13. Nh4 h5 14. O-O-O Bd7 15. Kb1
O-O-O 16. Rc1 Kb8 17. Bd3 Qe8 18. f4 gxf3 19. gxf3 Ne7 20. d5 exd5 21. Nxd5
Nxd5 22. cxd5 Qxe3 23. Bf5 c5 24. f4 Bb5 25. Rce1 Qd4 26. Rd1 Ba4 27. Qc1 Bxd1
28. Rxd1 Qf2 29. Bd3 c4 30. Bxc4 Rc8 31. b3 Rxc4 32. bxc4 Qxg3 33. Qc2 Qxh4 0-1

[Event "TOP 16"]
[Site "Metz"]
[Date "2009.03.20"]
[Round "1.7"]
[White "Belkhodja, Slim"]
[Black "Hisler, Thomas"]
[Result "1-0"]
[WhiteElo "2469"]
[BlackElo "2238"]
[WhiteTeam " "]"59"]
[BlackTeam " "]
[Source "ChessBase"]
[SourceDate "2000.11.22"]

1. e4 e5 2. Bc4 Nc6 3. Nc3 Bc5 4. d3 Nf6 5. f4 d6 6. Nf3 a6 7. f5 h6 8. Qe2 O-O
9. Nd5 Nxd5 10. Bxd5 Nd4 11. Nxd4 Bxd4 12. c3 Ba7 13. Be3 c6 14. Bb3 d5 15.
Bxa7 Rxa7 16. O-O d4 17. Qf2 Kh7 18. cxd4 Qxd4 19. Qxd4 exd4 20. Rac1 f6 21. g4
Rd8 22. h4 g6 23. fxg6+ Kxg6 24. Rf4 Rd6 25. h5+ Kg5 26. Rcf1 Bxg4 27. Rxg4+
Kxg4 28. Bd1+ Kg3 29. Rf3+ Kh4 30. Kh2 1-0

[Event "TOP 16"]
[Site "Metz"]
[Date "2009.03.20"]
[Round "1.8"]
[White "Leclair, Marie"]
[Black "Guilleux, Fabien"]
[Result "0-1"]
[WhiteElo "1987"]
[BlackElo "2303"]
[WhiteTeam " "]"66"]
[BlackTeam " "]
[Source "ChessBase"]
[SourceDate "2000.11.22"]

1. e4 c5 2. Nf3 Nc6 3. d4 cxd4 4. Nxd4 Nf6 5. Nc3 d6 6. Be2 e5 7. Nb3 Be7 8.
O-O O-O 9. Be3 Be6 10. Bf3 a5 11. Nd5 a4 12. Nd2 Bxd5 13. exd5 Nb4 14. c4 Nd7
15. a3 Na6 16. b4 axb3 17. Nxb3 Bg5 18. Bd2 Bxd2 19. Qxd2 Nac5 20. Nxc5 Nxc5
21. Qc2 f5 22. g3 Qg5 23. Bg2 f4 24. Rfe1 Rf6 25. a4 Raf8 26. Ra3 fxg3 27. hxg3
Rxf2 28. Qxf2 Rxf2 29. Kxf2 Qd2+ 30. Kf1 Nd3 31. Rxd3 Qxd3+ 32. Kf2 Qxc4 33. a5
Qc5+ 0-1